Szybkie pisanie: wpisz 20 najprostszych słów - Statystyki

Ogólne statystyki
  • Ten quiz został rozwiązany 852 razy
  • Średni wynik to 11 z 20
Statystyki odpowiedzi
Hint Odpowiedź % Poprawnych
tak tak
61%
lampa lampa
59%
pies pies
59%
mysz mysz
58%
okno okno
58%
dom dom
57%
las las
57%
ogień ogień
57%
kot kot
56%
nie nie
55%
noga noga
55%
ręka reka
55%
stół stół
55%
trawa trawa
55%
but but
54%
kura kura
53%
oko oko
53%
auto auto
52%
woda woda
52%
kawa kawa
48%
Nie znaleziono quizów pasujących do podanych kryteriów
Rozkład punktacji
Procent ludzi z każdym wynikiem
Percentyl według liczby udzielonych odpowiedzi
Twoja historia wyników
Nie rozwiązałeś tego quizu